Statistics for General Knowledge Quiz #2 (LentoBean)

Click here to take the quiz!

General Stats

  • This quiz has been taken 37 times
  • The average score is 10 of 13

Answer Stats

HintAnswer% Correct
What is the capital of Ireland?Dublin
94%
What country has the Chernobyl nuclear power plant?Ukraine
94%
How many hearts does an octopus have?3
91%
What is the only continent with land in all four hemispheres?Africa
88%
What is the state capital of New York?Albany
84%
Who is the President of France?Emmanuel Macron
84%
How many faces does a Dodecahedron have?12
81%
What year was the United Nations established?1945
81%
What is the 4th letter of the Greek alphabet?Delta
81%
What is the capitol of Iran?Tehran
81%
What musician released the popular song "Piano Man" in 1973?Billy Joel
75%
How many elements are in the periodic table?118
50%
What is the world's fastest bird?The Peregrine Falcon
47%

Score Distribution

Percentile by Number Answered

Percent of People with Each Score

Your Score History

You have not taken this quiz